000 01034nam a2200337 a 4500
001 000008279
003 DO-SdBNP
005 20250113100111.0
007 ta
008 250113s1983 pr 000 f spa
020 _a0940238683
040 _aDO-SdBNP
_bspa
_cBNPHU
_erda
041 _hspa
082 _aPR863.44
_bR175pa
_222
100 1 _aRamos, Juan Antonio,
_d1948-
_eautor
_922420
245 1 0 _aPapo Impala esta quitao /
_cJuan Antonio Ramos.
264 _aSan Juan,(Puerto Rico) :
_bEdiciones Huracan,
_c1983.
300 _a108 páginas ;
_c21 cm.
336 _ardacontent
_btexto
_2txt
337 _ardamedia
_bsin mediación
_2n
338 _ardacarrier
_bvolumen
_2nc
490 1 _aBiblioteca de autores de Puerto Rico
490 1 _aCuento
590 _aInventariado,2024/DG
650 4 _aCuentos puertorriqueños
_9249
650 4 _aLiteratura puertorriqueña
_9250
650 4 _aLiteratura latinoaméricana
_94717
830 0 _aBiblioteca de autores de Puerto Rico.
_99722
910 _aDG
942 _2ddc
_cLBS1
999 _c58031
_d58031